Design review (Record no. 105565)

MARC details
000 -LEADER
fixed length control field 01216cam a2200241 4500
001 - CONTROL NUMBER
control field ##L134148
008 - FIXED-LENGTH DATA ELEMENTS--GENERAL INFORMATION
fixed length control field 060713n2006 000 0 eng u
035 ## - SYSTEM CONTROL NUMBER
System control number (Sirsi) u134148
041 0# - LANGUAGE CODE
Language code of text/sound track or separate title eng
050 04 - LIBRARY OF CONGRESS CALL NUMBER
Classification number 720 $2 18
110 2# - MAIN ENTRY--CORPORATE NAME
Corporate name or jurisdiction name as entry element Commission for Architecture and the Built Environment
9 (RLIN) 4058
245 00 - TITLE STATEMENT
Title Design review
Remainder of title how CABE evaluates quality in architecture and urban design
Medium [electronic resource]
250 ## - EDITION STATEMENT
Edition statement 2nd ed.
260 ## - PUBLICATION, DISTRIBUTION, ETC.
Date of publication, distribution, etc. 2006
300 ## - PHYSICAL DESCRIPTION
Extent 28p.
520 ## - SUMMARY, ETC.
Summary, etc. Explains how CABE's design review panel assesses good design in architecture, urban design and public space. Provides guidance on how the panel evaluates schemes, from site planning through to final project, and considers issues such as procurement and the role of the planning system. This second edition takes account of recent changes in legislation.
520 ## - SUMMARY, ETC.
Summary, etc. Supersedes first edition.
590 ## - LOCAL NOTE (RLIN)
Local note IKA180706
651 #4 - SUBJECT ADDED ENTRY--GEOGRAPHIC NAME
Geographic name England
Chronological subdivision 886-
690 ## - LOCAL SUBJECT ADDED ENTRY--TOPICAL TERM (OCLC, RLIN)
Topical term or geographic name as entry element BUILT ENVIRONMENT-CONSTRUCTION DESIGN-ARCHITECTURAL DESIGN
856 48 - ELECTRONIC LOCATION AND ACCESS
Uniform Resource Identifier <a href="https://webarchive.nationalarchives.gov.uk/20110118095356/http://www.cabe.org.uk/files/design-review.pdf">https://webarchive.nationalarchives.gov.uk/20110118095356/http://www.cabe.org.uk/files/design-review.pdf</a>
Public note View the item free of charge at webarchive.nationalarchives.gov.uk
942 ## - ADDED ENTRY ELEMENTS (KOHA)
Suppress in OPAC 0
Holdings
Withdrawn status Lost status Source of classification or shelving scheme Damaged status Not for loan Home library Current library Shelving location Date acquired Total Checkouts Full call number Barcode Date last seen Copy number Price effective from Koha item type
    Dewey Decimal Classification     Virtual Virtual Online 13/07/2006   ONLINE PUBLICATION 134148-1001 06/08/2019 1 06/08/2019 Book